[Event "AUTO-MASTER-3293"]
[Site "http://www.queenalice.com/game.php?id=1867996"]
[Date "2026.1.15"]
[Round "1"]
[White "tucuman10"]
[Black "Anusha"]
[Result "1-0"]
[WhiteElo "2385"]
[BlackElo "2119"]

1. d4 Nf6 2. c4 d5 3. e3 c6 4. Nc3 e6 5. Nf3 Nbd7 6. Be2 Bd6 7. Bd2 O-O 8. O-O
e5 9. dxe5 Nxe5 10. cxd5 cxd5 11. Nb5 Nxf3+ 12. Bxf3 Be5 13. Bc3 Bb8 14. Rc1 a6
15. Bxf6 Qxf6 16. Nd4 Be6 17. Qb3 Qe5 18. g3 Bd6 19. Qxb7 Rfb8 20. Qc6 Bh3 21.
Qxd5 Qxd5 22. Bxd5 Ra7 23. Rfd1 g6 24. Nc6 1-0

[Event "AUTO-MASTER-3276"]
[Site "http://www.queenalice.com/game.php?id=1870148"]
[Date "2026.3.6"]
[Round "2"]
[White "tucuman10"]
[Black "IranSilva"]
[Result "1-0"]
[WhiteElo "2380"]
[BlackElo "1810"]

1. d4 d5 2. c4 c6 3. e3 Nf6 4. Nc3 e6 5. Nf3 Bb4 6. Bd3 dxc4 7. Bxc4 O-O 8. a3
Be7 9. O-O Nbd7 10. Qc2 Nb6 11. Bd3 h6 12. e4 c5 13. dxc5 Nbd7 14. e5 Ng4 15.
Re1 Qc7 16. Bf4 Bxc5 17. Bg3 h5 18. Rac1 1-0

[Event "AUTO-MASTER-3276"]
[Site "http://www.queenalice.com/game.php?id=1870149"]
[Date "2026.3.6"]
[Round "2"]
[White "IranSilva"]
[Black "tucuman10"]
[Result "0-1"]
[WhiteElo "1812"]
[BlackElo "2379"]

1. d4 e6 2. c4 d5 3. Nc3 c5 4. cxd5 exd5 5. e4 dxe4 6. Nxe4 cxd4 7. Nf3 Nc6 8.
Bd3 Bb4+ 9. Bd2 Bxd2+ 10. Qxd2 Nf6 11. O-O O-O 12. Nxf6+ Qxf6 13. Qg5 Qxg5 14.
Nxg5 h6 15. Nf3 Bg4 16. Nd2 Rfd8 17. Rac1 Nb4 18. Bb1 Be2 19. Rfe1 Nd3 0-1

[Event "AUTO-ELITE-2616"]
[Site "http://www.queenalice.com/game.php?id=1870856"]
[Date "2026.3.24"]
[Round "1"]
[White "tucuman10"]
[Black "MLSChess"]
[Result "1-0"]
[WhiteElo "2389"]
[BlackElo "2543"]

1. d4 Nf6 2. c4 e6 3. Nc3 Bb4 4. e3 O-O 5. Bd3 d5 6. Nf3 dxc4 7. Bxc4 c5 8. O-O
cxd4 9. Qxd4 Nc6 10. Qxd8 Rxd8 11. h3 Bxc3 12. bxc3 Ne4 13. Ba3 a6 14. Rfc1 b5
15. Bb3 Bd7 16. Nd4 Ne5 17. f3 Nd2 18. Rd1 Ndc4 19. Bc1 Na5 20. e4 Be8 21. Bc2
Rdc8 22. f4 Nac4 23. fxe5 Nxe5 24. Bd2 Nc4 25. Ne2 h5 26. Kf2 Nb2 27. Rdb1 Nc4
28. Rd1 Rc5 29. Be1 Rac8 30. Nd4 g6 31. Nf3 a5 32. Ke2 e5 33. g4 R5c7 34. gxh5
f6 35. hxg6 Bxg6 36. Rd5 Bf7 37. Rxb5 Na3 38. Rb2 Nxc2 39. Rxc2 Rc4 40. Kd3 Rd8+
41. Ke3 Rxe4+ 42. Kxe4 Bg6+ 43. Ke3 Bxc2 44. Rc1 Bf5 45. h4 Rd3+ 46. Kf2 a4 47.
a3 Kf7 48. Ke2 e4 49. Ng1 Bg4+ 50. Kf1 f5 51. Rb1 Ke7 52. Rb4 Rd1 53. Rxa4 Ke6
54. Ne2 Bh3+ 55. Kf2 e3+ 56. Kg3 Bf1 57. Nd4+ Kf6 58. Nf3 Be2 59. h5 Kg7 60. Rh4
Kh6 61. Rh1 Bc4 62. Kf4 e2 63. Ne5 Bb3 64. Rg1 Kh7 65. Kxf5 Bc2+ 66. Kf4 Rd8 67.
Ng4 Rf8+ 68. Ke5 1-0

[Event "AUTO-OPEN-4644"]
[Site "http://www.queenalice.com/game.php?id=1870896"]
[Date "2026.3.24"]
[Round "1"]
[White "josebaron"]
[Black "tucuman10"]
[Result "0-1"]
[WhiteElo "2168"]
[BlackElo "2356"]

1. e4 e6 2. Nf3 d5 3. exd5 exd5 4. d4 Bg4 5. Be2 Nf6 6. h3 Be6 7. Bg5 Bd6 8. O-O
O-O 9. Nc3 h6 10. Bh4 Nbd7 11. Re1 c6 12. Bd3 Qb8 13. Ne2 Ne4 14. Nd2 f5 15. f3
Ng5 16. c4 Qd8 17. c5 Bc7 18. f4 Nxh3+ 0-1

[Event "AUTO-OPEN-4644"]
[Site "http://www.queenalice.com/game.php?id=1870897"]
[Date "2026.3.24"]
[Round "1"]
[White "tucuman10"]
[Black "cerenzo72"]
[Result "1-0"]
[WhiteElo "2382"]
[BlackElo "2120"]

1. d4 Nf6 2. c4 g6 3. Nc3 Bg7 4. e3 O-O 5. Bd3 d6 6. Nf3 b6 7. e4 Nbd7 8. h3 Bb7
9. O-O e6 10. Rb1 c5 11. d5 exd5 12. cxd5 a6 13. a4 Rc8 14. Bg5 c4 15. Bc2 Qc7
16. Re1 Nc5 17. Nd2 Ncd7 18. Qe2 Rfe8 19. Be3 Re7 20. Rbd1 Ne5 21. Rc1 Rce8 22.
f4 Ned7 23. Qxc4 Qxc4 24. Nxc4 Nc5 25. Nxd6 Rd8 26. Nxb7 Rxb7 27. b4 Ncd7 28. e5
Ne8 29. Bd3 Ra7 30. a5 Rb8 31. Na4 1-0

[Event "AUTO-OPEN-4644"]
[Site "http://www.queenalice.com/game.php?id=1870898"]
[Date "2026.3.24"]
[Round "1"]
[White "cerenzo72"]
[Black "tucuman10"]
[Result "0-1"]
[WhiteElo "2122"]
[BlackElo "2381"]

1. c4 Nc6 2. d4 e5 3. d5 Bb4+ 4. Bd2 Bxd2+ 5. Nxd2 Nce7 6. e4 d6 7. Ngf3 f5 8.
b4 Nf6 9. Bd3 O-O 10. O-O Qe8 11. Qc2 Nh5 12. g3 fxe4 13. Bxe4 Nf6 14. Bd3 Qh5
15. Nh4 Bh3 16. Rfe1 g5 17. Nhf3 Ng6 18. Bxg6 hxg6 19. Qd3 e4 20. Rxe4 Nxe4 21.
Qxe4 Rae8 22. Qd3 Bg4 23. Re1 Bf5 24. Qc3 Rxe1+ 25. Nxe1 Qe2 26. Nef3 Bd3 27.
Qc1 g4 28. Nh4 Rxf2 0-1